00930ngm a2200265 a 450000500170000000800410001708200180005810000220007624500580009825000180015630000450017449000480021950000260026765000450029365000450033865000400038365000530042394200130047626400370048933600270052633700330055333800280058604000350061499900150064920220317001433.0161108s1989 ck 000 0 und d04a709.014 bH371 aImhof-Weber, Gaby10aHistoria del arte, 1barte griegohvideodisco digital a1a. edición a1 DVD [60 minutos)bsonido, colorc12 cm aVideocolecciónpGrandes épocas del arte aNarrados en español142LEMBaArte GriegovVideodiscosxHistoria142LEMBaCivilización GriegavVideodiscos142LEMBaEscultura GriegavVideodiscos142LEMBaArquitectura GriegavVideodiscosxHistoria 2ddccDVD a[Bogotá]bMS Tv & Videosc1989 atextobtxt2rdacontent asin mediaciónbn2rdamedia avolumenbnc2rdacarrier aCO-BoRNBPbspaerdacCO-BoRNBP c6975d6975